La tradición clásica en el Perú virreinal
Gespeichert in:
| 1. Verfasser: | |
|---|---|
| Format: | Buch |
| Sprache: | Spanisch |
| Veröffentlicht: |
Lima
Universidad Nacional Mayor de San Marcos
1999
|
| Schlagworte: | |
| Tags: |
Tag hinzufügen
Keine Tags, Fügen Sie den ersten Tag hinzu!
|
MARC
| LEADER | 00000nam a2200000 a 4500 | ||
|---|---|---|---|
| 001 | UCM3165 | ||
| 003 | CL-VaPUC | ||
| 008 | 020628e19990000PE |||||||||||||||||spa|d | ||
| 082 | 0 | 4 | |a 985.02 |b HAM |2 21 |
| 100 | |a Hampe Martínez, Teodoro |e author |9 469931 | ||
| 245 | 1 | 3 | |a La tradición clásica en el Perú virreinal |
| 300 | |a 344 p | ||
| 942 | |c BK | ||
| 945 | |d 20020628 00:00:00 |a cmena | ||
| 260 | |a Lima |b Universidad Nacional Mayor de San Marcos |c 1999 | ||
| 650 | 0 | |a Historia de Perú |9 316239 | |
| 650 | 7 | |a INFLUENCIAS CULTURALES |2 CL-VaPUC |9 427164 | |
| 650 | 0 | |a Colonización |9 265172 | |
| 650 | 0 | |a Desarrollo cultural |9 267526 | |
| 651 | 0 | |a Perú |9 256567 | |
| 583 | |a last modification |c 20020628 00:00:00 |k Rodrigo Vera | ||
| 999 | |c 300654 |d 300652 | ||
| 952 | |0 0 |1 0 |4 0 |6 985_020000000000000_HAM_1999 |7 0 |8 DER_HDC |9 358687 |a BIBDER |b BIBDER |d 2019-11-21 |i 3823040 |o 985.02 HAM 1999 |p 3823040 |r 2023-01-25 |w 2019-11-21 |x Ubicación 4to Piso |y BK |z Estos recursos deben solicitarse con anticipación |k DER | ||
| 952 | |0 0 |1 0 |4 0 |6 985_020000000000000_HAM_1999 |7 0 |8 A |9 358688 |a BIBHIS |b BIBHIS |d 2019-11-21 |i 3868605 |o 985.02 HAM 1999 |p 3868605 |r 2023-01-25 |w 2019-11-21 |y BK |k HIS | ||